书目信息 |
| 题名: |
地方政府环境治理的驱动机制与减排效应研究
|
|
| 作者: | 毛晖, 著 | |
| 分册: | ||
| 出版信息: | 北京 经济科学出版社 2019.05 |
|
| 页数: | 274页 | |
| 开本: | 24cm | |
| 丛书名: | ||
| 单 册: | ||
| 中图分类: | X321.2 , F424.1 | |
| 科图分类: | ||
| 主题词: | 地方政府--di fang zheng fu--环境综合整治--研究--中国 , 地方政府--di fang zheng fu--节能减排--研究--中国 | |
| 电子资源: | ||
| ISBN: | 978-7-5218-0291-7 | |
| 000 | 01172nam0 2200289 450 | |
| 001 | 202019135237 | |
| 005 | 20191007123107.0 | |
| 010 | @a978-7-5218-0291-7@dCNY55.00 | |
| 100 | @a20191003d2019 em y0chiy50 ea | |
| 101 | 0 | @achi |
| 102 | @aCN@b110000 | |
| 105 | @aak a 000yy | |
| 106 | @ar | |
| 200 | 1 | @a地方政府环境治理的驱动机制与减排效应研究@Adi fang zheng fu huan jing zhi li de qu dong ji zhi yu jian pai xiao ying yan jiu@f毛晖著 |
| 210 | @a北京@c经济科学出版社@d2019.05 | |
| 215 | @a274页@c图@d24cm | |
| 300 | @a国家社会科学基金项目成果 | |
| 314 | @a毛晖, 中南财经政法大学财政税务学院教授等职。 | |
| 320 | @a有书目 (第239-274页) | |
| 330 | @a本书通过六个方面, 即地方政府环境治理状况, 地方政府环境治理的驱动机制, 地方政府环境治理手段选择及影响因素, 不同环境治理手段的减排效应, 地方政府环境治理的国际经验借鉴等研究, 并提出了优化地方政府环境治理的政策建议。 | |
| 606 | 0 | @a地方政府@Adi fang zheng fu@x环境综合整治@x研究@y中国 |
| 606 | 0 | @a地方政府@Adi fang zheng fu@x节能减排@x研究@y中国 |
| 690 | @aX321.2@v5 | |
| 690 | @aF424.1@v5 | |
| 701 | 0 | @a毛晖,@Amao hui@f1975-@4著 |
| 801 | 0 | @aCN@c20190905 |
| 905 | @a河南城建学院图书馆@dX321.2@eM341 | |
| 地方政府环境治理的驱动机制与减排效应研究/毛晖著.-北京:经济科学出版社,2019.05 |
| 274页:图;24cm |
| 国家社会科学基金项目成果 |
| ISBN 978-7-5218-0291-7:CNY55.00 |
| 本书通过六个方面, 即地方政府环境治理状况, 地方政府环境治理的驱动机制, 地方政府环境治理手段选择及影响因素, 不同环境治理手段的减排效应, 地方政府环境治理的国际经验借鉴等研究, 并提出了优化地方政府环境治理的政策建议。 |
| ● |
| 相关链接 |
|
|
|
正题名:地方政府环境治理的驱动机制与减排效应研究
索取号:X321.2/M341
 
预约/预借
| 序号 | 登录号 | 条形码 | 馆藏地/架位号 | 状态 | 备注 |
| 1 | 1443844 | 214438447 | 期刊室512/501自科库 96排1列4层/ [索取号:X321.2/M341] | 在馆 | |
| 2 | 1443845 | 214438456 | 自科库501/501自科库 96排1列3层/ [索取号:X321.2/M341] | 在馆 |